Datum a čas kvízu
32.5
Celkem bodů
Celkový počet nahraných bodů na tomto kvízu bez doplňovacích otázek.
5.
Pořadí na kvízu
Konečné umístění týmu na tomto kvízu.
Zaznamenané odpovědi
| # | Otázka | Odpověď | Body | Výsledky |
|---|---|---|---|---|
| 1. | Obyvatele jednoho českolipskéh... | velký balvan | 1 | |
| 2. | Vláda které země rozhodla, že... | Islandu | 1 | |
| 3. | Tvůrci jednoho nejmenovaného k... | Lajna – konečně film! | 0 | |
| 4. | Která společnost minulý týden... | Levné knihy | 1 | |
| 5. | Americká běžkyně Jessica McCla... | C | 0 | |
| 6. | Vítězné téma facebookového hla... | 1C 2D 3B 4A | 1 | |
| 7. | Která ženská postava běží na k... | Bridget Jones | 1 | |
| 8. | „Celou dobu mi do nosu tekla v... | Tobey Maguire | 0 | |
| 9. | Tento filmový polibek byl insp... | 1952 | 0 | |
| 10. | Jak se jmenují filmové postavy... | Lady a Tramp | 1 |